000 01054nam a22002177a 4500
003 UA-OsUOA
001 110814
007 ta
008 20150408b un ||||| |||| 00| 0 ukr d
090 _a336.02
_bА43
942 _cBK
040 _aUA-OsUOA
_bukr
_cUA-OsUOA
_dUA-OsUOA
245 _aАктуальні питання фінансового моніторингу у сфері запобігання та протидії легалізації доходів, одержаних злочинним шляхом, для суб'єктів первинного фінансового моніторингу, державне регулювання і нагляд за діяльністю яких здійснює Міністерство юстиці
_bметодичні рекомендації
_cК. І. Чижмарь, І. М. Гаєвський
300 _a112 с.
955 _a2
041 _aukr
080 _a336.02
260 _aК.
_bКиївська правда
_c2010
650 7 _a336 Фінанси
_2UDC
999 _c396893
_d396893